Wird geladen...
Biological clocks. The institute of biologys studies in biology no.104
| 1. Verfasser: | |
|---|---|
| Format: | Printed Book |
| Sprache: | Undetermined English |
| Veröffentlicht: |
London
Edward Arnold
1979
|
| Schlagworte: |
| LEADER | 00663nam a2200205Ia 4500 | ||
|---|---|---|---|
| 008 | 140306s9999 xx 000 0 und d | ||
| 020 | |a 0713127198 | ||
| 041 | |a eng | ||
| 082 | |a 574.188 2 |b BRA | ||
| 100 | |a Brady, John | ||
| 245 | |a Biological clocks. The institute of biologys studies in biology no.104 | ||
| 260 | |a London |b Edward Arnold |c 1979 | ||
| 300 | |a 59 | ||
| 650 | |a Biological rythms | ||
| 650 | |a Cell division | ||
| 650 | |a Metabolism | ||
| 650 | |a Photo periodism | ||
| 942 | |2 ddc |c BK | ||
| 999 | |c 69684 |d 69684 | ||
| 952 | |0 0 |1 0 |2 ddc |4 0 |6 574_188000000000000_2_BRA |7 0 |9 76034 |a KAUACV |b KAUACV |d 2004-06-04 |o 574.188 2 BRA |p KAU_ACV-17516 |r 2014-03-22 |w 2014-03-22 |y BK | ||